Affiches allemandes en Belgique, leur valeur d'aveu / (Record no. 114636)

MARC details
000 -LEADER
campo de control de longitud fija 00595nam a2200169 i 4500
001 - NÚMERO DE CONTROL
campo de control 114636
003 - IDENTIFICADOR DE NÚMERO DE CONTROL
campo de control ES-MaACL
005 - FECHA Y HORA DE LA ÚLTIMA TRANSACCIÓN
campo de control 20230906190217.0
007 - CAMPO FIJO DE DESCRIPCIÓN FÍSICA--INFORMACIÓN GENERAL
campo de control de longitud fija t|
008 - DATOS DE LONGITUD FIJA--INFORMACIÓN GENERAL
campo de control de longitud fija 070316s1916 fr ||||1| fre d
100 1# - ENTRADA PRINCIPAL--NOMBRE DE PERSONA
Nombre de persona Davignon, Henri.
9 (RLIN) 42927
245 10 - MENCIÓN DEL TÍTULO
Título Affiches allemandes en Belgique, leur valeur d'aveu /
Mención de responsabilidad, etc. nouveaux textes et documents, précédés d'un avertissement au lecteur, par Henri Davignon.
260 ## - PUBLICACIÓN, DISTRIBUCIÓN, ETC.
Lugar de publicación, distribución, etc. Paris :
Nombre del editor, distribuidor, etc. Hachette,
Fecha de publicación, distribución, etc. [1916]
300 ## - DESCRIPCIÓN FÍSICA
Extensión V, 100 p. :
Otras características físicas il. ;
Dimensiones 24 cm.
650 #4 - PUNTO DE ACCESO ADICIONAL DE MATERIA--TÉRMINO DE MATERIA
Término de materia o nombre geográfico como elemento de entrada Guerra mundial, 1914-1918-
Subdivisión geográfica Bélgica.
9 (RLIN) 158946
852 ## - LOCALIZACIÓN
Ubicación ES-MaACL
Número de control de estantería C-13249
Sublocalización o colección R.33183
Holdings
Estatus retirado Estado de pérdida Estado de daño No para préstamo Biblioteca de origen Biblioteca actual Ubicación en estantería Fecha de adquisición Fuente de adquisición Total de préstamos Signatura topográfica completa Código de barras Visto por última vez Precio de reemplazo Tipo de ítem Koha
        Biblioteca del Ateneo de Madrid Biblioteca del Ateneo de Madrid Sala Palomar 17/01/2008     C-13249 1119547 23/02/2023 23/02/2023 Libro impreso